000
00267nam a22001217a 4500
008
181219b xxu||||| |||| 00| 0 eng d
041
_a
eng
080
_a
710
100
_a
44
101
_a
Art
245
_a
Nepal Where Gods Are Young
_c
Pal.p
942
_2
udc
_c
BK
999
_c
53494
_d
53494